00765nam a2200241 a 4500001001300000003000900013005001700022008004100039020001000080082001500090245007300105260003900178300000800217500003500225505004700260650002200307650002400329710002400353902000800377942000700385952011600392999001500508nice12345678IN_TiNIC20260116012408.0050524s1983 deoa grp 000 0 urd  ac10000a297.7bDAR aMah December Mein Pesh Aaniwale Nakhushgawar Waqiat Ki Sachchi Rudad aDeobandbDarul Uloom Deobandc1983 a20p aincludes index and biblioraphy2 aFoot notes by Maulana Maulvi Ilahi Bakhsh. aIslamic-Education aDarul Uloom Deoband2 aDarul Uloom Deoband bSRS cBK 001040708StackRoom-aHMIbHMId2007-07-12g100.00l0o297.7 DARp011827r2007-07-12v100.00w2005-05-24yBK c6847d6847